La guerra fría
में बचाया:
| मुख्य लेखक: | |
|---|---|
| स्वरूप: | पुस्तक |
| भाषा: | स्पेनिश |
| प्रकाशित: |
Barcelona
RBA Libros
2008
|
| संस्करण: | 1a. ed |
| विषय: | |
| टैग: |
टैग जोड़ें
कोई टैग नहीं, इस रिकॉर्ड को टैग करने वाले पहले व्यक्ति बनें!
|
MARC
| LEADER | 00000cam a2200000 a 4500 | ||
|---|---|---|---|
| 001 | UCG6078 | ||
| 003 | CL-VaPUC | ||
| 008 | 110331e20080300SP |||||||||||||||||spa|d | ||
| 020 | |a 9788498671131 | ||
| 082 | 0 | 4 | |a 940.55 |b GAD |2 21 |
| 100 | |a Gaddis, John Lewis |e author |9 556068 | ||
| 245 | 1 | 3 | |a La guerra fría |
| 250 | |a 1a. ed | ||
| 300 | |a 349 p | ||
| 942 | |c BK | ||
| 945 | |d 20110331 00:00:00 |a jcampos | ||
| 260 | |a Barcelona |b RBA Libros |c 2008 | ||
| 650 | 0 | |a Guerra Fría |9 319648 | |
| 650 | 0 | |a Relaciones Internacionales |9 255740 | |
| 650 | 0 | |a Historia siglo 20 |9 255736 | |
| 650 | 0 | |a Diplomacia |9 256483 | |
| 650 | 0 | |a Derecho internacional |9 255637 | |
| 650 | 7 | |a CONFLICTOS INTERNACIONALES |2 CL-VaPUC |9 334143 | |
| 651 | 0 | |a Europa |9 255156 | |
| 651 | 0 | |a Estados Unidos |9 255178 | |
| 651 | 7 | |a UNION DE REPUBLICAS SOCIALISTAS SOVIETICAS |2 CL-VaPUC |9 352516 | |
| 583 | |a last modification |c 20120104 11:28:11 |k Rodrigo Vera | ||
| 999 | |c 344376 |d 344374 | ||
| 952 | |0 0 |1 0 |4 0 |6 940_550000000000000_GAD_2008 |7 0 |8 A |9 442323 |a BIBHIS |b BIBHIS |d 2019-11-22 |i 4761723 |l 1 |o 940.55 GAD 2008 |p 4761723 |r 2024-08-19 |s 2024-08-19 |w 2019-11-22 |y BK |k HIS | ||
| 952 | |0 0 |1 0 |4 0 |6 940_550000000000000_GAD_2008 |7 0 |8 A |9 442324 |a BIBHIS |b BIBHIS |d 2019-11-22 |i 483111K |o 940.55 GAD 2008 |p 483111K |r 2025-01-20 |w 2019-11-22 |y BK |k HIS | ||